000 00723nam a2200241Ia 4500
005 20260430150609.0
008 008 250103s9999 xx 000 0 eng d
037 _aTheses
040 _aCRL
040 _beng
040 _ceng
041 _2eng
041 _aeng
084 _qCRL
100 _aGuddu Kumar Au.; Chakrabarti Rina Gu.
_91237960
245 0 _aFormulation of Feeds for Snow Trout Schizothorax Richardsonii (Gray, 1832) to Increase its Omega-3 (Epa+Dha) Fatty Acid Content to Promote the Human Health
260 _c2024
300 _a172p.
650 _aZoology
700 _aUniversity of Delhi. Faculty of Science. Deptt. of Zoology
_91237953
942 _cTH
999 _c1850171
_d1850171